000 00753nam a2200205 a 4500
001 000042155
005 20201002035956.0
008 131114s1991 cl 000 f spa d
020 _a8487205127
040 _aDO-SdBNP
_bspa
_cBNPHU
082 _axxx
_bM617m
100 1 _aMeza, Ramón,
_d1861-1911.
_969152
245 1 0 _aMi tio el empleado /
_cRamón Meza y Suárez Inclán ; [prólogo de José Lezama Lima].
260 _aMálaga :
_bDador Ediciones : Sociedad Estatal Quinto Centenario,
_c1991.
300 _a298 p. ;
_c21 cm.
490 1 _aEl ángel de la jiribilla
_v12
500 _aIncluye datos biográficos del autor en la solapa de la cubierta.
700 1 2 _aLezama Lima, José
_epról.
_92506
830 0 _aEl ángel de la jiribilla
_n12
_969153
999 _c41644
_d41644